00422 2200157 4500001002100000005001500021035002000036245007400056100002000130300001200150260004600162082000800208084001400216020002200230990001200252INLIS00000000000259820250605022008 a0010-06250001841 aSuper Modul KSN Fisika 1 :bMekanika dan Fluida /cM. Fauji Fajarudin0 aFauji Fajarudin a158 hlm aJakarta :bPT. Jakarta Sains Media,c2022 a530 a530 FAU s a978-623-6111-13-0 a0754852